Audio and Speech Processing With Matlab (Record no. 586627)

000 -LEADER
fixed length control field 00299nam a22001217a 4500
020 ## - INTERNATIONAL STANDARD BOOK NUMBER
International Standard Book Number 9780367656317
040 ## - CATALOGING SOURCE
Transcribing agency NUST
082 ## - DEWEY DECIMAL CLASSIFICATION NUMBER
Classification number 006.45
Author Mark HIL
100 ## - MAIN ENTRY--PERSONAL NAME
Personal name Hill, Paul R
9 (RLIN) 83606
245 ## - TITLE STATEMENT
Title Audio and Speech Processing With Matlab
260 ## - PUBLICATION, DISTRIBUTION, ETC.
Place of publication, distribution, etc. Boca Raton:
Name of publisher, distributor, etc. CRC Press,
Date of publication, distribution, etc. 2019.
942 ## - ADDED ENTRY ELEMENTS (KOHA)
Source of classification or shelving scheme
Koha item type Book
Holdings
Withdrawn status Lost status Source of classification or shelving scheme Damaged status Not for loan Permanent Location Current Location Shelving location Date acquired Total Checkouts Full call number Barcode Date last seen Price effective from Koha item type
          College of Electrical & Mechanical Engineering (CEME) College of Electrical & Mechanical Engineering (CEME) General Stacks 11/01/2021   006.45 HIL CEME-50768 11/01/2021 11/01/2021 Book
© 2023 Central Library, National University of Sciences and Technology. All Rights Reserved.